| 000 | 00421nam a2200157Ia 4500 | ||
|---|---|---|---|
| 008 | 210210b1992 xxu||||| |||| 00| 0 eng d | ||
| 020 | _a0 86311 312 5 | ||
| 082 | _a530 VENW | ||
| 100 | _aVENKATARAMAN (G). | ||
| 245 | _aWhy are things the way they are? (Vignettes in physics). | ||
| 260 |
_aDelhi _bUniversities Press _c1992 |
||
| 300 | _a112 | ||
| 650 | _aVignettes in physics | ||
| 690 | _aPhysics | ||
| 906 | _a046806 | ||
| 999 |
_c96118 _d96118 |
||